[Event "SRB-chT2 East"]
[Site "Serbia"]
[Date "2007.10.18"]
[Round "7.6"]
[White "Stankovic, Goran"]
[Black "Miletic, Darko"]
[Result "1/2-1/2"]
[WhiteElo "2052"]
[BlackElo "2103"]
[PlyCount "24"]
[EventDate "2007.09.09"]
[EventType "team"]
[EventRounds "11"]
[EventCountry "SRB"]
[SourceTitle "EXT 2012"]
[Source "ChessBase"]
[SourceDate "2011.11.24"]
[SourceVersion "1"]
[SourceVersionDate "2011.11.24"]
[SourceQuality "1"]
[WhiteTeam "Leskovac Glubocica"]
[BlackTeam "Jagodina MMM"]
[WhiteTeamCountry "SRB"]
[BlackTeamCountry "SRB"]

1. e4 c5 2. c4 Nc6 3. Nc3 g6 4. g3 Bg7 5. Bg2 e6 6. Nge2 Nge7 7. d3 0-0 8. 0-0 b6 9. Rb1 Bb7 10. a3 d6 11. b4 Qd7 12. Be3 Nd4 1/2-1/2